000 03554nam0a2200529 4500
001 RU\NLR\BIBL_A\011941754
005 20250809113043.0
020 _aRU
_9Ленинград в Великой Отечественной войне. Коллекция. Афиши
035 _a(NLR Aleph) 011941754
090 _a65324
_c65324
100 _a20190219d1942 u y0rusy50 ca
101 0 _arus
102 _aRU
105 _ay z 000zy
135 _acrcn 024anaba
200 1 _aВоскресенье 27 Декабря (утро и вечер) Под руководством и при участии Народного артиста Республики Б.А. Горин-Горяинова, Заслуженного артиста РСФСР Е. П. Студенцова и артистов гостеатров: П. И. Андриевского, Н. М. Железновой, А. А. Исаковой [и др.
_eафиша]
_fУправление по делам искусств Исполкома Ленгорсовета, Зал камерных концертов
210 _a[Ленинград]
_cТип. № 9 Лениздата
_d[1942]
215 _a1 л.
_d45х59
300 _aНачало утренних спектаклей-концертов в 13 час. и веч. в 17 час.
300 _aБилеты продаются ежедневно в кассе с 11 до 19 часов (2-й этаж)
300 _aЗак. 773
325 _aКопия доступна в Электрон. б-ке РНБ
327 _a"Тетка Джека" - комедия в 1 д. В. Горина; 2. Рассказы - в исп. А. К. де-Лазари; 3. "Русские женщины" - Н. Некрасова
606 1 _aТеатральная жизнь
_yЛенинград, город
_z1941 - 1944
_jАфиши
_2nlr_sh2
_3RU\NLR\AUTH\6601649837
686 1 _aЩ333(2Р=Рус)7-692Ленинград
702 1 _aГорин-Горяинов
_bБ. А.
_cактер
_f1883-1944
_gБорис Анатольевич
_3RU\NLR\AUTH\770201579
_4005
702 1 _aСтуденцов
_bЕ. П.
_cактер
_f1890-1943
_gЕвгений Павлович
_3RU\NLR\AUTH\770201582
_4005
702 1 _aАндриевский
_bП. И.
_cактер, режиссер
_f1885-1961
_gПетр Ильич
_3RU\NLR\AUTH\770201646
_4005
702 1 _aЖелезнова
_bН. М.
_cактриса
_f1899 - 1972
_gНина Михайловна
_3RU\NLR\AUTH\770201650
_4005
702 1 _aИсакова
_bА. А.
_cактриса
_3RU\NLR\AUTH\770201656
_4005
712 0 2 _aЗал камерных концертов
_cЛенинград
_3RU\NLR\AUTH\880495405
_4570
852 _aNLR
_jЛ3-330а/12/3/1942-дек.(2)
856 0 _uhttp://vivaldi.nlr.ru/la700000105/view
856 1 _uhttp://vivaldi.nlr.ru/la700000105/cover
856 2 _uhttp://vivaldi.nlr.ru/la700000105/text
942 _cVISUAL
945 _aРоссийская национальная библиотека
980 _aNB
980 _aBV
980 3 _akplen
980 3 _akp
981 3 7 _a(37) Ленинград в Великой Отечественной войне
_b(37) Афиши блокадного Ленинграда